Eesti presidendid/ Presidents of Estonia - Statistics

General Stats
  • This quiz has been taken 105 times
    54 since last reset
  • The average score is 4 of 5
Answer Stats
Valitsusaeg/ Time in Office President % Correct
2016- Kersti Kaljulaid
96%
1992-2001 Lennart Meri
93%
1938-1940 Konstantin Päts
91%
2006-2016 Toomas Hendrik Ilves
84%
2001-2006 Arnold Rüütel
73%
No matching quizzes found
Score Distribution
Percent of People with Each Score
Percentile by Number Answered
Your Score History
You have not taken this quiz since the last reset